000 00508nam a22001337a 4500
008 160212b xxu||||| |||| 00| 0 eng d
020 _a0521340816
100 _aPerrings, Charles
245 _aEconomy and environment
_bA Theoretical Essay on the Interdependence of Economic and Environment Systems
_cCharles Perrings
260 _aNew york
_bCambridge University Press
_c1987
300 _axv,179p.
650 _aEconomic development
_vEnvironmental aspects
942 _2lcc
_cBK
_hHD 75.6
_k.P47 1987 C.1
999 _c15678
_d15678